Giáo sư Trần Văn Giàu : Nghe thầy kể chuyện
Những câu chuyện về tiểu sử, cuộc đời và sự nghiệp của giáo sư Trần Văn Giàu
保存先:
| 第一著者: | |
|---|---|
| フォーマット: | 図書 |
| 言語: | Undetermined |
| 出版事項: |
Thành phố Hồ Chí Minh
Tổng hợp Thành phố Hồ Chí Minh
2011
|
| 主題: | |
| タグ: |
タグ追加
タグなし, このレコードへの初めてのタグを付けませんか!
|
| Thư viện lưu trữ: | Trung tâm Học liệu Trường Đại học Cần Thơ |
|---|
| LEADER | 00842nam a2200229Ia 4500 | ||
|---|---|---|---|
| 001 | CTU_193121 | ||
| 008 | 210402s9999 xx 000 0 und d | ||
| 020 | |c 30000 | ||
| 082 | |a 959.704092 | ||
| 082 | |b Qu106 | ||
| 100 | |a Nguyễn, Phan Quang | ||
| 245 | 0 | |a Giáo sư Trần Văn Giàu : | |
| 245 | 0 | |b Nghe thầy kể chuyện | |
| 245 | 0 | |c Nguyễn Phan Quang | |
| 260 | |a Thành phố Hồ Chí Minh | ||
| 260 | |b Tổng hợp Thành phố Hồ Chí Minh | ||
| 260 | |c 2011 | ||
| 520 | |a Những câu chuyện về tiểu sử, cuộc đời và sự nghiệp của giáo sư Trần Văn Giàu | ||
| 650 | |a Vietnam,Việt Nam | ||
| 650 | |x History,Biography,Lịch sử,Tiểu sử | ||
| 910 | |a Hải | ||
| 980 | |a Trung tâm Học liệu Trường Đại học Cần Thơ | ||